000 00502nam a22001817a 4500
005 20260307124527.0
008 260307b |||||||| |||| 00| 0 eng d
020 _a978-0-143-47306-0
_cRs.899.00
040 _aLoreto College
082 _aF
_bROY
100 _aRoy,Arundhati
245 _aMother mary comes to me
_cArundhati Roy
260 _aGurugram
_bPenguin Random House India
_c2025
300 _a373p.;22cm.
650 _aFiction
850 _aLCBED
942 _cBK
999 _c44274
_d94753